[Event "Polofinale MCR junioru 2024"]
[Site "Hotel Fit Fun, Ryžovište 427, 512 46 Harrachov v Krkonoších"]
[Date "2024.11.12"]
[Round "5"]
[Board "23"]
[White "Honcharov, Makar"]
[Black "Osina, Jaromír"]
[Result "1-0"]
[WhiteElo "1929"]
[BlackElo "2004"]
[PlyCount "0"]
[EventDate "2024.11.09"]
[EventRounds "9"]
[EventCountry "CZE"]

1. e4 e6 2. Nf3 d5 3. e5 c5 4. b4 cxb4 5. d4 Nc6 6. a3 Bd7 7. axb4 Bxb4+ 8. c3 Bf8
9. Bd3 Nge7 10. Na3 Ng6 11. h4 a6 12. Nc2 Qc7 13. h5 Nge7 14. Ne3 h6 15. Ba3 Nc8
16. Bxf8 Rxf8 17. Rh3 N8e7 18. Rg3 f6 19. exf6 gxf6 20. Kf1 O-O-O 21. Rg7 e5 22.
Qb1 e4 23. Rxa6 exd3 24. Ra8+ Nb8 25. Rxe7 d2 26. Nxd2 Bb5+ 27. Qxb5 Qxe7 28. Nxd5
Qd6 29. Nc4 Qxd5 30. Nb6+  1-0

[Event "Polofinale MCR junioru 2024"]
[Site "Hotel Fit Fun, Ryžovište 427, 512 46 Harrachov v Krkonoších"]
[Date "2024.11.12"]
[Round "5"]
[Board "24"]
[White "Mrázek, Roman"]
[Black "Šigut, Ondrej"]
[Result "1/2-1/2"]
[WhiteElo "1961"]
[BlackElo "1893"]
[PlyCount "0"]
[EventDate "2024.11.09"]
[EventRounds "9"]
[EventCountry "CZE"]

1. e4 e6 2. d3 d5 3. Nd2 c5 4. Ngf3 Nc6 5. g3 Bd6 6. Bg2 Nge7 7. O-O O-O 8. Re1 Qc7
9. Qe2 f6 10. h4 d4 11. Nc4 e5 12. a4 Be6 13. Nfd2 b6 14. Nxd6 Qxd6 15. Nc4 Qc7 16.
f4 a6 17. Nd2 b5 18. Nf3 c4 19. fxe5 fxe5 20. Ng5 Qd7 21. Nxe6 Qxe6 22. dxc4 bxc4
23. Bd2 Rab8 24. Rab1 Nb4 25. Bxb4 Rxb4 26. b3 cxb3 27. cxb3 Rxb3 28. Qa2 Rb6 29.
Qa3 Rd6 30. Bf1 Rfd8 31. Qd3 g6 32. Be2 Rc6 33. Kg2 Rdc8 34. Bd1 Kh8 35. Bb3 Qg4
36. Bd1 Qe6 37. Bb3 Qg4  1/2-1/2

[Event "Polofinale MCR junioru 2024"]
[Site "Hotel Fit Fun, Ryžovište 427, 512 46 Harrachov v Krkonoších"]
[Date "2024.11.12"]
[Round "5"]
[Board "25"]
[White "Beneš, Jáchym"]
[Black "Veny, Jaume"]
[Result "1-0"]
[WhiteElo "1916"]
[BlackElo "1961"]
[PlyCount "0"]
[EventDate "2024.11.09"]
[EventRounds "9"]
[EventCountry "CZE"]

1. d4 Nf6 2. c4 e6 3. Nf3 b6 4. g3 Bb7 5. Bg2 Bb4+ 6. Bd2 Bxd2+ 7. Qxd2 d6 8. Nc3
Nbd7 9. d5 e5 10. O-O a5 11. b3 O-O 12. a3 Qe7 13. Qc2 Nh5 14. e4 g6 15. Nb5 c6 16.
dxc6 Bxc6 17. Rad1 Bxb5 18. cxb5 Nc5 19. b4 axb4 20. axb4 Ne6 21. Qc6 Rfd8 22. Qxb6
Nf6 23. Rfe1 g5 24. Qe3 Nd7 25. Rc1 Rab8 26. Bf1 Rb7 27. Red1 Nb6 28. Rc6 Nc8 29.
b6 g4 30. Nh4 Nd4 31. Rxd4 exd4 32. Qh6 f6 33. Bc4+ Kh8 34. Ng6# Kg8 35. Nh4+ d5
36. exd5 Nd6  1-0

[Event "Polofinale MCR junioru 2024"]
[Site "Hotel Fit Fun, Ryžovište 427, 512 46 Harrachov v Krkonoších"]
[Date "2024.11.12"]
[Round "5"]
[Board "26"]
[White "Jakubše, Tamae Severína"]
[Black "Šimunek, Jakub Šimon"]
[Result "1/2-1/2"]
[WhiteElo "1895"]
[BlackElo "2125"]
[PlyCount "0"]
[EventDate "2024.11.09"]
[EventRounds "9"]
[EventCountry "CZE"]

1. e4 e6 2. d4 d5 3. Nc3 Bb4 4. exd5 exd5 5. Qf3 Nf6 6. Bg5 c6 7. O-O-O Bxc3 8. Qxc3
Ne4 9. Bxd8 Nxc3 10. bxc3 Kxd8 11. Nf3 Bg4 12. Rd3 Re8 13. Ne5 Bh5 14. Rh3 Bg6 15.
Rf3 Re7 16. Nxg6 hxg6 17. Bd3 Nd7 18. h4 Nf6 19. Kd2 Kc7 20. Re1 Rxe1 21. Kxe1 Re8+
22. Kd2 Re7 23. Rf4 Nh5 24. Rf3 Nf6 25. Rf4 Nh5  1/2-1/2

[Event "Polofinale MCR junioru 2024"]
[Site "Hotel Fit Fun, Ryžovište 427, 512 46 Harrachov v Krkonoších"]
[Date "2024.11.12"]
[Round "5"]
[Board "27"]
[White "Lihotský, Lukáš"]
[Black "Cervený, Vojtech"]
[Result "1-0"]
[WhiteElo "2076"]
[BlackElo "1889"]
[PlyCount "67"]
[EventDate "2024.11.09"]
[EventRounds "9"]
[EventCountry "CZE"]

1. d4 Nf6 2. c4 e6 3. Nf3 d5 4. Nc3 Be7 5. Bg5 O-O 6. e3 Nbd7 7. Rc1 h6 8. Bh4 c6
9. Bd3 Re8 10. O-O dxc4 11. Bxc4 Nb6 12. Bd3 Nfd5 13. Bg3 Bf8 14. Bb1 g6 15. a3 Nxc3
16. Rxc3 Nd5 17. Rc1 Bd7 18. Nd2 Rc8 19. e4 Nf6 20. Bh4 g5 21. Bg3 c5 22. e5 Nd5
23. Qc2 Bg7 24. Qh7+ Kf8 25. dxc5 Bb5 26. Rfe1 Qa5 27. Ne4 Red8 28. h4 Nf4 29. Bxf4
gxf4 30. b4 Qxa3 31. Nf6 Qxb4 32. Bg6 Be8 33. Qg8+ Ke7 34. Qxg7  1-0

[Event "Polofinale MCR junioru 2024"]
[Site "Hotel Fit Fun, Ryžovište 427, 512 46 Harrachov v Krkonoších"]
[Date "2024.11.12"]
[Round "5"]
[Board "28"]
[White "Nešpurek, Jakub"]
[Black "Slabý, Matej"]
[Result "0-1"]
[WhiteElo "1879"]
[BlackElo "2071"]
[PlyCount "0"]
[EventDate "2024.11.09"]
[EventRounds "9"]
[EventCountry "CZE"]

1. e4 c6 2. Nf3 d5 3. Nc3 Bg4 4. h3 Bxf3 5. Qxf3 Nf6 6. exd5 cxd5 7. Bb5+ Nc6 8.
O-O e6 9. d4 Be7 10. Qg3 O-O 11. Bh6 Ne8 12. Be3 Nd6 13. Bd3 Nb4 14. Bh6 Ne8 15.
Bf4 Bd6 16. Rad1 Bxf4 17. Qxf4 Nxd3 18. Rxd3 Nd6 19. Ne2 Rc8 20. c3 Qc7 21. b3 b5
22. Rc1 a5 23. g4 a4 24. Qe5 Ne4 25. Qxc7 Rxc7 26. f3 Nd6 27. b4 Nc4 28. Kf2 Rfc8
29. f4 Kf8 30. Ng3 Nb2 31. Rf3 Rxc3 32. Rfxc3 Rxc3 33. Ne2 Nd3+  0-1

[Event "Polofinale MCR junioru 2024"]
[Site "Hotel Fit Fun, Ryžovište 427, 512 46 Harrachov v Krkonoších"]
[Date "2024.11.12"]
[Round "5"]
[Board "29"]
[White "Jusko, Jindrich"]
[Black "Pressler, Tobias"]
[Result "0-1"]
[WhiteElo "1846"]
[BlackElo "2057"]
[PlyCount "0"]
[EventDate "2024.11.09"]
[EventRounds "9"]
[EventCountry "CZE"]

1. e4 e6 2. d3 d5 3. Nd2 Nf6 4. Ngf3 c5 5. c3 Nc6 6. g3 Be7 7. Bg2 O-O 8. O-O dxe4
9. Nxe4 Nxe4 10. dxe4 Qc7 11. Be3 e5 12. Qc2 h6 13. Rad1 Be6 14. b3 b5 15. Ne1 a5
16. Nd3 c4 17. Nc5 cxb3 18. axb3 Bxc5 19. Bxc5 Rfe8 20. Ra1 Nb8 21. Be3 Nd7 22. f4
Nc5 23. b4 Nb3 24. Ra3 a4 25. f5 Bc4 26. Rd1 Rad8 27. f6 Rd6 28. Rxd6 Qxd6 29. Bf1
Bxf1 30. Kxf1 Qxf6+ 31. Kg2 Qc6 32. g4 Qc4 33. Ra2 Rd8 34. Ra1  0-1

[Event "Polofinale MCR junioru 2024"]
[Site "Hotel Fit Fun, Ryžovište 427, 512 46 Harrachov v Krkonoších"]
[Date "2024.11.12"]
[Round "5"]
[Board "30"]
[White "Husa, Daniel"]
[Black "Sadil, Antonín"]
[Result "1/2-1/2"]
[WhiteElo "2011"]
[BlackElo "1873"]
[PlyCount "0"]
[EventDate "2024.11.09"]
[EventRounds "9"]
[EventCountry "CZE"]

1. d4 Nf6 2. Nf3 g6 3. g3 d5 4. Bg2 Bg7 5. O-O O-O 6. c4 c6 7. cxd5 cxd5 8. Nc3 Nc6
9. Ne5 e6 10. Nxc6 bxc6 11. Bf4 Nd7 12. Rc1 Nb6 13. Na4 Nxa4 14. Qxa4 Bd7 15. Bd6
Re8 16. Bc5 Bf8 17. Rfd1 Bxc5 18. Rxc5 Qb6 19. b4 Reb8 20. a3 Qd8 21. e4 Qe7 22.
Re1 Qd8 23. Bf1 Qf6 24. e5 Qd8 25. Bd3 Be8 26. Qa5 Qe7 27. Bc2 Rb5 28. Rxb5 cxb5
29. Bd3 Qb7 30. Rc1 Bc6 31. Rc5 a6 32. Kg2 Kg7  1/2-1/2

[Event "Polofinale MCR junioru 2024"]
[Site "Hotel Fit Fun, Ryžovište 427, 512 46 Harrachov v Krkonoších"]
[Date "2024.11.12"]
[Round "5"]
[Board "31"]
[White "Buchta, Bartolomej"]
[Black "Gloser, Tomáš"]
[Result "1-0"]
[WhiteElo "1906"]
[BlackElo "1777"]
[PlyCount "0"]
[EventDate "2024.11.09"]
[EventRounds "9"]
[EventCountry "CZE"]

1. e4 c5 2. Nf3 Nc6 3. d4 cxd4 4. Nxd4 g6 5. Nc3 Bg7 6. Be3 Nf6 7. Bc4 O-O 8. Bb3
d6 9. f3 Bd7 10. Qd2 Na5 11. h4 h5 12. g4 Nxb3 13. axb3 hxg4 14. h5 Nxh5 15. Bh6
f6 16. Nf5 gxf5 17. Rxh5 Qe8 18. Qh2 Qg6 19. Nd5 Rae8 20. Nf4 Qf7 21. exf5 e5 22.
Ng6 e4 23. fxg4 Qd5 24. Bxg7 Qd4 25. Rh8+ Kf7 26. Bxf8 Qe3+ 27. Kf1 Bb5+ 28. c4 Qxb3
29. Qh7#  1-0

[Event "Polofinale MCR junioru 2024"]
[Site "Hotel Fit Fun, Ryžovište 427, 512 46 Harrachov v Krkonoších"]
[Date "2024.11.12"]
[Round "5"]
[Board "32"]
[White "Maršík, Ondrej"]
[Black "Peroutka, Šimon"]
[Result "1-0"]
[WhiteElo "1728"]
[BlackElo "1892"]
[PlyCount "0"]
[EventDate "2024.11.09"]
[EventRounds "9"]
[EventCountry "CZE"]

1. e4 c5 2. Nf3 Nc6 3. d4 cxd4 4. Nxd4 e5 5. Nb5 d6 6. N1c3 a6 7. Na3 b5 8. Nd5 Nf6
9. Bg5 Be7 10. Bxf6 Bxf6 11. c3 Be6 12. Nc2 O-O 13. Be2 Bg5 14. O-O Ne7 15. c4 Bxd5
16. cxd5 f5 17. exf5 Nxf5 18. Bg4 Qf6 19. Qd3 Rac8 20. Nb4 Nd4 21. Bxc8 Rxc8 22.
Nxa6 Rc2 23. Rad1 Rxb2 24. Nc7 b4 25. Rb1 Rd2 26. Qh3 Bh4 27. Qc8+ Kf7 28. Qe8#  1-0

[Event "Polofinale MCR junioru 2024"]
[Site "Hotel Fit Fun, Ryžovište 427, 512 46 Harrachov v Krkonoších"]
[Date "2024.11.12"]
[Round "5"]
[Board "33"]
[White "Pešek, Martin Jakub"]
[Black "Pejrimovský, Tadeáš Rubel"]
[Result "0-1"]
[WhiteElo "1627"]
[BlackElo "1867"]
[PlyCount "0"]
[EventDate "2024.11.09"]
[EventRounds "9"]
[EventCountry "CZE"]

1. e4 e6 2. d4 d5 3. exd5 exd5 4. Nf3 Nc6 5. Nc3 Bg4 6. Bb5 Qd6 7. h3 Bxf3 8. Qxf3
O-O-O 9. Qf5+ Kb8 10. Bf4 Nxd4 11. Qxf7 Nh6 12. Bxh6 Qxh6 13. O-O c6 14. Bd3 Bd6
15. Be2 Nxe2+ 16. Nxe2 Rhf8 17. Qxf8 Rxf8  0-1

[Event "Polofinale MCR junioru 2024"]
[Site "Hotel Fit Fun, Ryžovište 427, 512 46 Harrachov v Krkonoších"]
[Date "2024.11.12"]
[Round "5"]
[Board "34"]
[White "Pavliš, Matej"]
[Black "Meca, Viktor"]
[Result "1-0"]
[WhiteElo "2091"]
[BlackElo "1796"]
[PlyCount "0"]
[EventDate "2024.11.09"]
[EventRounds "9"]
[EventCountry "CZE"]

1. e4 c5 2. Nf3 Nc6 3. d4 cxd4 4. Nxd4 g6 5. Nc3 Bg7 6. Be3 Nf6 7. f3 O-O 8. Qd2
d5 9. Nxc6 bxc6 10. O-O-O Be6 11. Bd4 dxe4 12. fxe4 Qa5 13. a3 Rab8 14. Be2 Rfd8
15. Qe3 Ng4 16. Bxg4 Bxg4 17. Rd3 Rxd4 18. Rxd4 Qb6 19. Rd3 Qxe3+ 20. Rxe3 Bh6 21.
Rhe1 Rd8 22. h3 Be6 23. b3 Kg7 24. Kb2 Bxe3 25. Rxe3 Rd2 26. Ne2 Bc8 27. Kc3 Rd1
28. Nd4 Bb7 29. b4 Rg1 30. g3 e5 31. Nb3 Bc8 32. h4 f5 33. Nd2 Kf6 34. exf5 gxf5
35. Kc4 f4 36. gxf4 exf4 37. Rf3 Kf5 38. Rf2 Kg4 39. Kc5 Rg3 40. c4 Rxa3 41. Kxc6
h5 42. c5 Bf5 43. Nf1 Be4+ 44. Kd6 Rg3 45. Ke5 Rf3 46. Nh2+ Kg3 47. Rxf3+ Bxf3 48.
Nxf3 Kxf3 49. c6  1-0

[Event "Polofinale MCR junioru 2024"]
[Site "Hotel Fit Fun, Ryžovište 427, 512 46 Harrachov v Krkonoších"]
[Date "2024.11.12"]
[Round "5"]
[Board "35"]
[White "Tegda, Vojtech"]
[Black "Zezula, Matej"]
[Result "1/2-1/2"]
[WhiteElo "1953"]
[BlackElo "1767"]
[PlyCount "0"]
[EventDate "2024.11.09"]
[EventRounds "9"]
[EventCountry "CZE"]

1. e4 c5 2. c4 Nc6 3. Ne2 Nf6 4. Nbc3 e6 5. d4 d5 6. exd5 exd5 7. dxc5 d4 8. Nb5
Bxc5 9. Ng3 O-O 10. Be2 Bb4+ 11. Bd2 d3 12. Bf3 Re8+ 13. Kf1 Bxd2 14. Qxd2 Ne5 15.
Bd5 Nxd5 16. cxd5 Qb6 17. Nc3 Bd7 18. Kg1 Rac8 19. h3 Qd4 20. Rd1 b5 21. Qe3 Qxe3
22. fxe3 Nc4 23. Rxd3 Nxb2 24. Rd2 Rxc3 25. Rxb2 Rexe3 26. Ne2 Rcd3 27. Kf2 Re4 28.
Rc1 Rxd5 29. Kf3 Re8 30. Rc7 a6 31. Nf4 Rd6 32. Rbc2 Bf5 33. R2c5 Rd7 34. Rc8 Rd3+
35. Nxd3 Bxc8 36. Nb4 Bb7+ 37. Kf2 Kf8 38. Rc7 Rb8 39. Nd3 Bd5 40. Nb4 Bb7 41. Nd3
f6 42. Nc5 Bc8 43. Ra7 Rb6 44. Ra8 Rc6 45. Nxa6 Rxa6 46. Rxc8+ Kf7 47. Rc2 Ra3 48.
Rb2 Ra5 49. Ke3 Ke6 50. Kd4 Kd6 51. Kc3 Kc5 52. Kb3 Ra4  1/2-1/2

[Event "Polofinale MCR junioru 2024"]
[Site "Hotel Fit Fun, Ryžovište 427, 512 46 Harrachov v Krkonoších"]
[Date "2024.11.12"]
[Round "5"]
[Board "36"]
[White "Svoboda, Daniel"]
[Black "Adámek, Jan"]
[Result "1-0"]
[WhiteElo "1865"]
[BlackElo "1735"]
[PlyCount "0"]
[EventDate "2024.11.09"]
[EventRounds "9"]
[EventCountry "CZE"]

1. e4 c6 2. d4 d5 3. exd5 cxd5 4. Bd3 Nc6 5. c3 Nf6 6. h3 g6 7. Nf3 Bf5 8. Be2 Bg7
9. Bf4 O-O 10. O-O a6 11. Nbd2 Ne4 12. g4 Nxd2 13. Qxd2 Bd7 14. Rfe1 Rc8 15. Bh6
Na5 16. Bxg7 Kxg7 17. Qg5 e6 18. Qe5+ Qf6 19. g5 Qxe5 20. Nxe5 Rfd8 21. h4 Nc4 22.
Bxc4 dxc4 23. Re4 Rc7 24. Rf4 Ba4 25. Rc1 Rh8 26. Ng4 Rd7 27. Kf1 Rd5 28. Ne5 Be8
29. Ke1 b5 30. Ng4 Rf5 31. Rxf5 gxf5 32. Nf6 h6 33. Nxe8+ Rxe8 34. gxh6+ Kxh6 35.
Ke2 Kh5 36. Kf3 Rg8 37. Kf4 Rg2 38. Rf1 a5 39. Ke5 Kxh4 40. Kf6 Kg4 41. Kxf7 Kf3
42. Kxe6 f4 43. d5 Rxf2 44. Rxf2+ Kxf2 45. d6 f3 46. d7 Ke1 47. d8=Q a4 48. Qh4+
 1-0

[Event "Polofinale MCR junioru 2024"]
[Site "Hotel Fit Fun, Ryžovište 427, 512 46 Harrachov v Krkonoších"]
[Date "2024.11.12"]
[Round "5"]
[Board "37"]
[White "Švadlenka, Michal"]
[Black "Zeman, Vojtech"]
[Result "1-0"]
[WhiteElo "1804"]
[BlackElo "1848"]
[PlyCount "121"]
[EventDate "2024.11.09"]
[EventRounds "9"]
[EventCountry "CZE"]

1. e4 c5 2. Nf3 Nc6 3. d4 cxd4 4. Nxd4 Nf6 5. Nc3 e5 6. Ndb5 d6 7. Bg5 a6 8. Na3
b5 9. Nd5 Be7 10. Bxf6 Bxf6 11. c3 Bg5 12. Nc2 Rb8 13. Be2 O-O 14. O-O Be6 15. Nce3
Ne7 16. Nxe7+ Qxe7 17. Nd5 Qb7 18. Qd3 Bxd5 19. exd5 f5 20. f3 Qb6+ 21. Kh1 Qe3 22.
Qxe3 Bxe3 23. Bd3 g6 24. Rfe1 f4 25. Re2 a5 26. g4 Rfc8 27. a4 b4 28. c4 Kf7 29.
b3 Rh8 30. g5 h6 31. Rg2 Rbg8 32. Raa2 Bb6 33. Be4 Bd8 34. gxh6 Rxh6 35. Rac2 Be7
36. c5 Bd8 37. cxd6 Ke8 38. Rc6 Kf7 39. d7 Bf6 40. Rc8 Bd8 41. Bf5 Rgh8 42. Be6+
Kf6 43. Ra8 Ke7 44. Rc2 Bb6 45. Rac8 Bd8 46. h3 g5 47. Kg2 Rg6 48. Ra8 Rf6 49. Rcc8
Rhf8 50. Kf1 Rh6 51. Ke2 Rhh8 52. Kd3 Bc7 53. Ke4 Bd8 54. Kxe5 Bc7+ 55. Rxc7 Rxa8
56. d6+ Kf8 57. d8=Q+ Rxd8 58. Rf7+ Ke8 59. d7+ Rxd7 60. Rxd7 g4 61. hxg4  1-0

[Event "Polofinale MCR junioru 2024"]
[Site "Hotel Fit Fun, Ryžovište 427, 512 46 Harrachov v Krkonoších"]
[Date "2024.11.12"]
[Round "5"]
[Board "38"]
[White "Mrázek, Adam"]
[Black "Stejskal, Jakub"]
[Result "1-0"]
[WhiteElo "1842"]
[BlackElo "1672"]
[PlyCount "61"]
[EventDate "2024.11.09"]
[EventRounds "9"]
[EventCountry "CZE"]

1. c4 c5 2. g3 Nc6 3. Bg2 g6 4. Nc3 Bg7 5. a3 a5 6. Nf3 b6 7. O-O Bb7 8. Rb1 e6 9.
e3 Nge7 10. d4 d5 11. cxd5 Nxd5 12. dxc5 bxc5 13. Ne4 Qe7 14. Qc2 Ba6 15. Rd1 O-O
16. Nxc5 Rfc8 17. Nxa6 Rxa6 18. e4 Nc7 19. Bf1 Rb6 20. Be3 Rbb8 21. Qxc6 Nd5 22.
exd5 Rxc6 23. dxc6 Qc7 24. Rbc1 Bxb2 25. Rd7 Qc8 26. Rc2 Bf6 27. Bg5 Bxg5 28. Nxg5
Ra8 29. Nxf7 Qe8 30. Nd6 Qf8 31. c7  1-0

[Event "Polofinale MCR junioru 2024"]
[Site "Hotel Fit Fun, Ryžovište 427, 512 46 Harrachov v Krkonoších"]
[Date "2024.11.12"]
[Round "5"]
[Board "39"]
[White "Vokoun, Michal"]
[Black "Fousek, Petr"]
[Result "1-0"]
[WhiteElo "1688"]
[BlackElo "1800"]
[PlyCount "59"]
[EventDate "2024.11.09"]
[EventRounds "9"]
[EventCountry "CZE"]

1. e4 c6 2. Nc3 d5 3. Nf3 dxe4 4. Nxe4 Nf6 5. Qe2 Nxe4 6. Qxe4 Nd7 7. Bc4 Nf6 8.
Ne5 e6 9. Qe2 Be7 10. c3 O-O 11. d4 Qc7 12. Bf4 Bd6 13. O-O Nd5 14. Bd2 a5 15. Rfe1
Re8 16. Bd3 f6 17. Bxh7+ Kh8 18. Qh5 fxe5 19. Bg6+ Kg8 20. Qh7+ Kf8 21. Qh8+ Ke7
22. Qxe8+ Kf6 23. h4 Nf4 24. dxe5+ Bxe5 25. Bxf4 Bxf4 26. g4 b6 27. g5+ Bxg5 28.
hxg5+ Kxg5 29. Bd3 Kh6 30. Qg6#  1-0

[Event "Polofinale MCR junioru 2024"]
[Site "Hotel Fit Fun, Ryžovište 427, 512 46 Harrachov v Krkonoších"]
[Date "2024.11.12"]
[Round "5"]
[Board "40"]
[White "Hampl, David"]
[Black "Jandecka, Miroslav"]
[Result "1-0"]
[WhiteElo "1830"]
[BlackElo "1603"]
[PlyCount "67"]
[EventDate "2024.11.09"]
[EventRounds "9"]
[EventCountry "CZE"]

1. d4 d5 2. Bf4 Bf5 3. Nc3 e6 4. f3 Bd6 5. Bxd6 Qxd6 6. e4 dxe4 7. fxe4 Bg6 8. Nf3
Nd7 9. Qd2 Nb6 10. O-O-O Ne7 11. Kb1 Bh5 12. h3 Bxf3 13. gxf3 a6 14. Rg1 Ng6 15.
h4 Qf4 16. Qf2 Nxh4 17. Rg4 Qf6 18. Qh2 Nxf3 19. Qxc7 Nd2+ 20. Rxd2 Qxf1+ 21. Rd1
Qf3 22. Rf4 Qh5 23. Qxb6 O-O 24. Rdf1 Rac8 25. d5 e5 26. Rf5 Qh3 27. R5f3 Qg2 28.
Qf2 Qg6 29. Qg3 Qb6 30. Qxe5 Rc7 31. Rg3 g6 32. d6 Rc5 33. Nd5 Qb5 34. Ne7#  1-0

[Event "Polofinale MCR junioru 2024"]
[Site "Hotel Fit Fun, Ryžovište 427, 512 46 Harrachov v Krkonoších"]
[Date "2024.11.12"]
[Round "5"]
[Board "41"]
[White "Urbanský, Štepán"]
[Black "Lána, Vincent"]
[Result "0-1"]
[WhiteElo "1859"]
[BlackElo "1696"]
[PlyCount "82"]
[EventDate "2024.11.09"]
[EventRounds "9"]
[EventCountry "CZE"]

1. e4 e6 2. d4 d5 3. Nd2 dxe4 4. Nxe4 Bd7 5. Nf3 Bc6 6. Bd3 Nd7 7. O-O Ngf6 8. Nxf6+
Nxf6 9. Bg5 Be7 10. c3 O-O 11. Ne5 h6 12. Nxc6 bxc6 13. Bh4 Qb8 14. Qe2 Qb6 15. a4
a5 16. f4 c5 17. dxc5 Bxc5+ 18. Kh1 Nd5 19. Be4 Rab8 20. Rab1 Rfe8 21. Qf3 Ne3 22.
Rfe1 Nf5 23. Bxf5 exf5 24. b4 axb4 25. cxb4 Bxb4 26. Re5 c5 27. Rxf5 Qa7 28. Qd5
Qa8 29. Qxf7+ Kh8 30. Rh5 Bc3 31. Rxb8 Rxb8 32. h3 Qxa4 33. Rxc5 Qd1+ 34. Kh2 Bd4
35. Rd5 Qg1+ 36. Kg3 Rb3+ 37. Kg4 Qxg2+ 38. Kh5 Qf3+ 39. Kg6 Rb6+ 40. Kf5 g6+ 41.
Qxg6 Qd3+  0-1

[Event "Polofinale MCR junioru 2024"]
[Site "Hotel Fit Fun, Ryžovište 427, 512 46 Harrachov v Krkonoších"]
[Date "2024.11.12"]
[Round "5"]
[Board "42"]
[White "Hajícek, Matyáš"]
[Black "Dvorák, Jan"]
[Result "0-1"]
[WhiteElo "1673"]
[BlackElo "1873"]
[PlyCount "108"]
[EventDate "2024.11.09"]
[EventRounds "9"]
[EventCountry "CZE"]

1. e4 e6 2. b3 d5 3. Bb2 Nf6 4. e5 Nfd7 5. d4 c5 6. c3 Nc6 7. Nf3 Be7 8. Bd3 cxd4
9. cxd4 Nb4 10. Be2 f6 11. O-O f5 12. Nc3 a6 13. a3 Nc6 14. Bc1 O-O 15. Be3 b5 16.
Qd2 Bb7 17. Rfd1 Rc8 18. h4 Na5 19. Rdb1 Rc6 20. Nxb5 f4 21. Bxf4 axb5 22. Bxb5 Rc8
23. Ng5 Rxf4 24. Qxf4 Bxg5 25. hxg5 Rc3 26. b4 Nc4 27. Bxc4 dxc4 28. Rc1 Rxc1+ 29.
Rxc1 Nb6 30. Qg4 Qd5 31. g6 hxg6 32. Qxg6 Na4 33. Rc2 Bc6 34. Qg4 c3 35. Qg6 Qb3
36. f4 Qd5 37. Kh2 Bd7 38. Qd3 Bb5 39. Qg6 Bd7 40. Qd3 Bb5 41. Qh3 Qb3 42. Rc1 Bd7
43. Qe3 Bc6 44. Qd3 Qxa3 45. Rc2 Qxb4 46. f5 Qe7 47. g3 Qd7 48. g4 Qd5 49. Kg3 Nc5
50. Qe3 Ne4+ 51. Kh2 Qb3 52. Rc1 Qb2+ 53. Kh3 Ng5+ 54. Kh4 Qh2+  0-1

[Event "Polofinale MCR junioru 2024"]
[Site "Hotel Fit Fun, Ryžovište 427, 512 46 Harrachov v Krkonoších"]
[Date "2024.11.13"]
[Round "6"]
[Board "1"]
[White "Soucek, Jan"]
[Black "Ocelák, Jakub"]
[Result "1-0"]
[WhiteElo "2188"]
[BlackElo "2205"]
[PlyCount "0"]
[EventDate "2024.11.09"]
[EventRounds "9"]
[EventCountry "CZE"]

1. c4 e5 2. Nc3 Nf6 3. Nf3 e4 4. Ng5 c6 5. Ngxe4 Nxe4 6. Nxe4 d5 7. cxd5 cxd5 8.
Nc3 d4 9. Ne4 Nc6 10. d3 Be6 11. g3 Bd5 12. Bh3 Be7 13. O-O O-O 14. Bg2 Rc8 15. a3
a5 16. b3 f5 17. Nd2 Bf7 18. a4 Re8 19. Nc4 Bc5 20. e4 dxe3 21. fxe3 Bg6 22. d4 Ba7
23. Kh1 Bb8 24. Bb2 Qg5 25. d5 Rcd8 26. d6 Bf7 27. Bd5 Qg6 28. Qd3 Nb4 29. Bxf7+
Qxf7 30. Qc3 Bxd6 31. Rxf5 Qg6 32. Nxd6 Rxd6 33. Raf1 h6 34. Rf7 Qxf7 35. Rxf7 Kxf7
36. Qxg7+ Ke6 37. Qxh6+ Kd7 38. Qh7+ Re7 39. Qf5+ Ke8 40. Bd4 Nc6 41. Qh5+ Rf7 42.
Bc5 Rdf6 43. e4 Re6 44. Qg4 Kd7 45. Kg2 Ne5 46. Qd1+ Kc8 47. Qd5 Re8 48. Bd6 Rd7
49. Qc5+ Nc6 50. e5 Rg7 51. h4 Rg6 52. h5 Rg5 53. Qb6 Rg7 54. Qf2 Nd8 55. h6 Rf7
56. Qc2+ Kd7 57. Qc7+ Ke6 58. Qc8+ Rd7 59. Qc4+ Kf5 60. Qf4+  1-0

[Event "Polofinale MCR junioru 2024"]
[Site "Hotel Fit Fun, Ryžovište 427, 512 46 Harrachov v Krkonoších"]
[Date "2024.11.13"]
[Round "6"]
[Board "2"]
[White "Bokhnak, Timofey"]
[Black "Lang, Šimon"]
[Result "1/2-1/2"]
[WhiteElo "2274"]
[BlackElo "2114"]
[PlyCount "0"]
[EventDate "2024.11.09"]
[EventRounds "9"]
[EventCountry "CZE"]

1. e4 c5 2. Nf3 d6 3. d4 cxd4 4. Nxd4 Nf6 5. Nc3 a6 6. Be3 e6 7. a3 b5 8. f3 Nbd7
9. Qd2 Bb7 10. g4 h6 11. O-O-O Nb6 12. Bd3 Rc8 13. h4 Nfd7 14. g5 hxg5 15. hxg5 Rxh1
16. Rxh1 Ne5 17. Rh7 d5 18. exd5 Bxd5 19. Nxd5 Qxd5 20. Kb1 Nbc4 21. Bxc4 Nxc4 22.
Qd3 Nxe3 23. Qxe3 Bc5 24. c3 Bxd4 25. Qxd4  1/2-1/2

[Event "Polofinale MCR junioru 2024"]
[Site "Hotel Fit Fun, Ryžovište 427, 512 46 Harrachov v Krkonoších"]
[Date "2024.11.13"]
[Round "6"]
[Board "3"]
[White "Vojta, Jakub"]
[Black "Svacina, Tobiáš"]
[Result "1/2-1/2"]
[WhiteElo "2264"]
[BlackElo "2030"]
[PlyCount "0"]
[EventDate "2024.11.09"]
[EventRounds "9"]
[EventCountry "CZE"]

1. c4 Nf6 2. g3 g6 3. Bg2 Bg7 4. Nc3 O-O 5. e4 c5 6. Nge2 Nc6 7. O-O d6 8. d3 a6
9. a4 Rb8 10. h3 Ne8 11. Be3 b5 12. axb5 axb5 13. Nxb5 Bxb2 14. Rb1 Bg7 15. f4 Nc7
16. Nbc3 Rxb1 17. Qxb1 Ne6 18. Kh1 Ned4 19. g4 e6 20. Ng3 f5 21. exf5 exf5 22. g5
Re8 23. Nd5 h6 24. h4 hxg5 25. hxg5 Nb4 26. Bxd4 Bxd4 27. Nxb4 cxb4 28. Qxb4 Re3
29. Bd5+ Kg7 30. Rf3 Qe7 31. Rxe3 Qxe3 32. Kh2 Qxf4 33. Qb8 Bg1+ 34. Kxg1 Qxg3+ 35.
Kf1 Qxd3+ 36. Kf2 Qd4+ 37. Ke1 Qg1+ 38. Ke2 Qh2+ 39. Kd3 Qh3+ 40. Kc2 f4 41. Qa7+
Qd7 42. Qxd7+ Bxd7 43. Kd3 Bf5+  1/2-1/2

[Event "Polofinale MCR junioru 2024"]
[Site "Hotel Fit Fun, Ryžovište 427, 512 46 Harrachov v Krkonoších"]
[Date "2024.11.13"]
[Round "6"]
[Board "4"]
[White "Stocek, Martin"]
[Black "Jun, Rudolf"]
[Result "1/2-1/2"]
[WhiteElo "2082"]
[BlackElo "2186"]
[PlyCount "0"]
[EventDate "2024.11.09"]
[EventRounds "9"]
[EventCountry "CZE"]

1. d4 Nf6 2. c4 c6 3. Nf3 d5 4. Qb3 dxc4 5. Qxc4 Qd5 6. Qa4 Qd8 7. g3 g6 8. Bg2 Bg7
9. O-O Bg4 10. Re1 Bxf3 11. Bxf3 Nbd7 12. Nc3 O-O  1/2-1/2

[Event "Polofinale MCR junioru 2024"]
[Site "Hotel Fit Fun, Ryžovište 427, 512 46 Harrachov v Krkonoších"]
[Date "2024.11.13"]
[Round "6"]
[Board "5"]
[White "Davídek, Zdenek"]
[Black "Bezdek, Tomáš"]
[Result "0-1"]
[WhiteElo "2048"]
[BlackElo "2215"]
[PlyCount "0"]
[EventDate "2024.11.09"]
[EventRounds "9"]
[EventCountry "CZE"]

1. c4 e6 2. Nc3 Nf6 3. e4 c5 4. e5 Ng8 5. Nf3 Nc6 6. d4 cxd4 7. Nxd4 Nxe5 8. Ndb5
a6 9. Nd6+ Bxd6 10. Qxd6 f6 11. Be3 Ne7 12. Bc5 Nf5 13. Qd2 b6 14. Ba3 Bb7 15. f4
Ng4 16. O-O-O Rc8 17. Re1 Kf7 18. Kb1 h5 19. Bd3 Ngh6 20. Rd1 Bc6 21. Qe2 Qc7 22.
Rhf1 g6 23. b3 Rhe8 24. Bb2 d5 25. Rde1 Qb7 26. Qc2 dxc4 27. bxc4 b5 28. Be4 bxc4
29. Ka1 Bd5 30. g3 Rcd8 31. Na4 Bxe4 32. Rxe4 Qb5 33. Qc3 Ng4 34. Rxc4 Rc8 35. Rc1
Rxc4 36. Qxc4 Qxc4 37. Rxc4 Nxh2 38. Rc3 Nf1 39. Nc5 N5xg3 40. Nb7 Re7 41. Nd6+ Kg7
42. Rc8 h4 43. Ne8+ Rxe8 44. Rxe8 h3 45. Re7+ Kf8  0-1